000 00889nam a2200277 a 4500
001 BRL_1007
005 20190320211007.0
008 311013s1973----mx-o######---#000-0#spa-#
041 _aspa
044 _amx
050 4 _aHQ1465.C5
_b.E46 1973
100 1 _aElmendorf, Mary Lindsay
_925553
245 1 0 _aLa mujer maya y el cambio
_cMary Lindsay Elmendorf ; traducción Carmen Viqueira.
260 _aMéxico
_bSecretaría de Educación Pública
_c1973
300 _a175 p.
_bil.
_c17 cm.
440 0 _aSepsetentas
_v85
_922717
500 _aAu1082
500 _aTraducción de: The mayan woman and change
504 _aBibliografía: p. 169-173
650 1 4 _aMayas
_xAntigüedades
_99555
650 1 4 _aMayas
_xVida social y costumbres
_924124
650 1 4 _aMujeres
_zChan Kom (Yucatán : México)
_925554
700 1 _aViqueira, Carmen
_etr.
_925555
902 _aGRL
942 _2lcc
_cB
999 _c9819
_d9819